Saints Mentioned in Eucharistic Prayer I - Statistics

General Stats
  • This quiz has been taken 79 times
  • The average score is 12 of 41
Answer Stats
Order Saint % Correct
1 {Mary},
98%
2 {Joseph},
92%
4 {Paul},
81%
3 {Peter}
81%
5 {Andrew},
50%
6 {James},
50%
7 {John},
46%
11 {Bartholomew},
37%
10 {Philip},
37%
8 {Thomas},
37%
12 {Matthew},
33%
13 {Simon}
33%
14 {Jude}:
29%
18 {Sixtus},
27%
17 {Clement},
25%
27 {John} {the} {Baptist},
25%
19 {Cornelius},
23%
25 {Cosmas}
23%
26 {Damian},
23%
9 {James},
23%
15 {Linus},
23%
16 {Cletus},
21%
20 {Cyprian},
21%
21 {Lawrence},
19%
41 {Anastasia},
17%
22 {Chrysogonus},
17%
38 {Lucy},
17%
28 {Stephen},
17%
23 {John}
15%
24 {Paul},
15%
37 {Agatha},
13%
39 {Agnes},
13%
30 {Barnabas},
13%
40 {Cecilia},
13%
35 {Felicity},
13%
29 {Matthias},
13%
36 {Perpetua},
13%
32 {Alexander},
12%
31 {Ignatius},
12%
33 {Marcellinus},
12%
34 {Peter},
12%
No matching quizzes found
Score Distribution
Percent of People with Each Score
Percentile by Number Answered
Your Score History
You have not taken this quiz